000 00475cam a22002054a 4500
005 20250605164154.0
008 250528s ||||||||||||||||||||||||d
035 _a19517
020 _a007100601X
040 _aGR-AtMCL
_bgre
_dGR-AtMCL
_eAACR2
245 1 _aECONOMICS
250 _a13
260 _bMcgraw Hill,
_c1989
300 _a1013
700 1 _aNordhaus William D
_93377
700 1 _aSamuelson Paul A
_93378
942 _cBK
999 _c4773
_d4773